Louis célèbres - Statistiques

Statistiques générales
  • Ce quiz a été pris 1 182 fois
  • Le résultat moyen est 7 sur 10
Statistiques - réponses
Description Réponse % Correct
Acteur comique français ayant joué dans La Grande Vadrouille, La Soupe aux choux ou encore L'aile ou la Cuisse. de Funès
97%
Roi Soleil. XIV
97%
Souvent associé à son frère, il a inventé le cinéma. Lumière
96%
Scientifique ayant mis au point le vaccin contre la rage. Pasteur
93%
Jazzman et plus précisément trompettiste, ayant popularisé le scat. Nougaro lui rendra hommage des années plus tard. Armstrong
90%
Inventeur éponyme d'un système d'écriture tactile à points saillants. Braille
86%
Créateur d'un concours d'inventions françaises ainsi que du Musée de la préfecture de police. Lépine
58%
Auteur-compositeur-interprète, père de 2 enfants ayant la même activité que lui ainsi que d'un musicien et d'une scénariste. Fils d'une femme de lettres française. A notamment sorti les albums Anne, ma sœur Anne ainsi qu'Ainsi soit-il. Chédid
49%
Poète communiste et surréaliste du XXème siècle formant un célèbre couple avec Elsa Triolet. Aragon
48%
Apothicaire français ayant été le premier colon à s'installer au Québec. Hébert
3%
Aucun quiz correspondant
Distribution des résultats
% des personnes avec chaque résultat
Percentile par nombre de réponses
Votre historique - résultats
Vous n’avez pas pris ce quiz